00898nam a2200265 i 450000100060000000300090000600500170001500700030003200800410003502000180007608000100009408000210010410000340012524501170015925000120027626000810028830000220036949000240039150000480041550400320046365000480049565000320054383000240057585200330059968313ES-MaACL20230906170244.0t|040617s2003 sp ||||1| spa d a84-8103-312-X a398.8 a305-055.2(0:398)1 aSuárez Robaina, Juana Rosa.13aEl personaje mujer en el romancero tradicional b: (imagen, amor y ubicación) / cJuana Rosa Suárez Robaina. a1ª ed. aLas Palmas de Gran Canaria : bEdiciones del Cabildo de Gran Canaria,c2003. a302 p. ; c21 cm.1 aLengua y literatura aIncluye (p. 261-276) selección de textos. aBibliografía: p. 283-297.14aRomances-zEspaña-xHistoria y crítica. 4aMujeres-xEn la literatura.0 aLengua y literatura aES-MaACLjL-27983 bR.133825